Kế toán quản trị

Kaydedildi:
Detaylı Bibliyografya
Materyal Türü: Kitap
Dil:Undetermined
Baskı/Yayın Bilgisi: Hà Nội Thống kê 2004
Konular:
Etiketler: Etiketle
Etiket eklenmemiş, İlk siz ekleyin!
Thư viện lưu trữ: Trung tâm Học liệu Trường Đại học Cần Thơ
LEADER 00418nam a2200157Ia 4500
001 CTU_74954
008 210402s9999 xx 000 0 und d
082 |a 658.1511 
082 |b K250 
245 0 |a Kế toán quản trị 
260 |a Hà Nội 
260 |b Thống kê 
260 |c 2004 
650 |a managerial accounting 
904 |i Tuyến 
980 |a Trung tâm Học liệu Trường Đại học Cần Thơ